000
00283nam a2200109Ia 4500
008
220204s9999 xx 000 0 und d
082
_a
631.4(035)
_b
KIL
100
_a
Kilmer, V J
245
0
_a
Handbook of soils and climate in agriculture
260
_a
Florida
_b
CRC
_c
1982
942
_c
BK
999
_c
37174
_d
37174